00337nam a2200133Ia 4500008004100000041000800041082001700049100001700066245002400083250001400107260003900121300003200160365001100192240624s9999 xx 000 0 und d aeng a658.4092 ROW aROWE W GLENN aCASES IN LEADERSHIP a(2nd ed.) c2010aNew DelhibSage Publications aviii, : 465 : p. : cm. ; 23 cRSb20